Größte Städte der Welt nach Buchstabe - S - Statistiken

Allgemein
  • Dieses Quiz wurde 640 mal gespielt
  • Das Durchschnittsergebnis liegt bei 15 aus 28
Antwortstatistiken
Land Bevölkerung Stadt % Korrekt
Südkorea 24,9 Mio. Seoul
97%
China 40,0 Mio. Shanghai
94%
Brasilien 23,0 Mio. São Paulo
91%
Schweden 2,25 Mio. Stockholm
89%
Deutschland 2,40 Mio. Stuttgart
87%
Australien 4,93 Mio. Sydney
87%
USA 7,95 Mio. San Francisco
83%
Russland 6,40 Mio. St. Petersburg
83%
USA 4,63 Mio. Seattle
76%
Chile 8,05 Mio. Santiago
75%
Costa Rica 2,43 Mio. San José
65%
Jemen 3,08 Mio. Sanaa
64%
Dominikanische Republik 4,18 Mio. Santo Domingo
64%
USA 3,30 Mio. San Diego
63%
Singapur 7,75 Mio. Singapur
56%
USA 2,18 Mio. Sacramento
47%
USA 2,33 Mio. San Antonio
45%
Japan 2,50 Mio Sapporo
34%
Indonesien 5,90 Mio. Surabaya
28%
USA 2,35 Mio. St. Louis
26%
Brasilien 3,70 Mio. Salvador
24%
USA 2,63 Mio. Salt Lake City
23%
Indien 7,45 Mio. Surat
19%
Bolivien 2,33 Mio. Santa Cruz
18%
China 8,55 Mio. Shenyang
17%
China 8,00 Mio. Shantou
13%
China 6,00 Mio. Shijiazhuang
7%
Indonesien 2,10 Mio. Semarang
6%
Keine übereinstimmenden Quizze gefunden
Verteilung der Resultate
Anzahl Personen mit jedem Resultat
Perzentil nach korrekt beantworteten Fragen
Ihre Resultats-Entwicklung
Sie haben dieses Quiz noch nicht gespielt